[Event "HCL-B3859"]
[Site "www.playchess.de"]
[Date "2006.02.08"]
[Round "7"]
[White "Snillie"]
[Black "evets"]
[WhiteElo "1504"]
[BlackElo "1392"]
[PlyCount "83"]
[Result "1-0"]

1.c4 e5 2.g3 d5 3.cxd5 Qxd5 4.Nf3 Bc5 5.Nc3 Qd6 
6.Bg2 Nf6 7.Qb3 Nc6 8.Nb5 Qd7 9.Nc3 Nd4 10.Nxd4 
Bxd4 11.O-O c6 12.d3 O-O 13.Bg5 Bxc3 14.bxc3 Re8 
15.Rab1 Nd5 16.e4 Nb6 17.Rfd1 Qg4 18.Be3 Be6 
19.Qc2 Qh5 20.a4 Nd7 21.d4 Bg4 22.Rd2 Bh3 23.f4 
Bxg2 24.Rxg2 exf4 25.Bxf4 Qf3 26.e5 Nf8 27.Rf1 Qd5 
28.Qa2 Qa5 29.Bd2 Ne6 30.Rgf2 Ref8 31.Qb3 Qc7 
32.Be3 Rab8 33.c4 Rbd8 34.d5 cxd5 35.cxd5 Nc5 
36.d6 Qxd6 37.Qb4 Qxe5 38.Bxc5 Rfe8 39.R2xf7 h5 
40.R7f4 b6 41.Bd4 Qe4 42.Rxe4 1-0

[Event "HCL-A2516"]
[Site "www.playchess.de"]
[Date "2006.02.08"]
[Round "13"]
[White "zemljanin"]
[Black "Wernswig"]
[WhiteElo "1405"]
[BlackElo "1501"]
[PlyCount "147"]
[Result "1-0"]

1.e4 {hi}  e5 {hello}  2.Bc4 Nf6 3.d3 Nc6 4.f4 d5 
5.exd5 Nxd5 6.Bxd5 Qxd5 7.Qf3 Be6 8.fxe5 Nxe5 
9.Qxd5 Bxd5 10.Kf1 Bc5 11.Nc3 Bc6 12.Nge2 Ng4 
13.d4 Bd6 14.h3 Nh6 15.d5 Bd7 16.g4 O-O-O 17.Be3 
a6 18.Ne4 Bb5 19.Nxd6+ Rxd6 20.Rd1 Rhd8 21.Kf2 
Bxe2 22.Kxe2 R6xd5 23.c4 R5xd1 24.Rxd1 Ng8 25.g5 
Ne7 26.Rf1 Rf8 27.Bc5 Kd7 28.Rd1+ Kc6 29.Bb4 Re8 
30.Kf3 Ng6 31.Bc3 Ne5+ 32.Kf4 Nxc4 33.Bxg7 Re2 
34.b3 Nd6 35.a4 Re4+ 36.Kf3 Rb4 37.Rc1+ Kd7 38.Rc3 
c6 39.Rd3 Ke6 40.Bf8 Rh4 41.Rxd6+ Kf5 42.Kg3 Re4 
43.Rf6+ Kxg5 44.Rxf7 Re3+ 45.Rf3 Re4 46.h4+ Kh5 
47.Rf5+ Kg6 48.Rg5+ Kf7 49.Bc5 Re1 50.Kf2 Rb1 
51.Rg3 Rh1 52.Rg4 h5 53.Re4 Kg6 54.a5 Kf5 55.Rb4 
Rc1 56.Be3 Ra1 57.Bb6 Rd1 58.Rd4 Rb1 59.b4 Ke6 
60.Bc5 Rb2+ 61.Kg3 Rb3+ 62.Kf4 Rh3 63.Rd6+ Kf7 
64.Kg5 Rf3 65.Kxh5 Rg3 66.Rd7+ Kf6 67.Rxb7 Ke6 
68.Kh6 Kd5 69.Rg7 Rh3 70.Rg5+ Kc4 71.h5 Kb5 72.Kg7 
Rh4 73.h6 Rh3 74.h7 1-0

[Event "HCL-C4120"]
[Site "www.playchess.de"]
[Date "2006.02.08"]
[Round "8"]
[White "cxstevec"]
[Black "nichju"]
[WhiteElo "1276"]
[BlackElo "1072"]
[PlyCount "41"]
[Result "1-0"]

1.e4 {Hi, have a nice game}  e6 {Hello and good 
luck}  2.Nf3 d5 3.e5 Nc6 4.d4 b6 5.Bb5 Bd7 6.O-O 
f6 7.c3 fxe5 8.Bxc6 Bxc6 9.Nxe5 Bb5 10.Re1 Nf6 
11.Nd2 Bd6 12.Nf1 c5 13.Be3 cxd4 14.cxd4 Bxe5 
15.dxe5 Ne4 16.Qh5+ Kf8 17.Nd2 Nxd2 18.Bxd2 Rc8 
19.Qg4 Rc2 20.Bb4+ Kg8 21.Qxe6+ 1-0

[Event "HCL-C4016"]
[Site "www.playchess.de"]
[Date "2006.02.08"]
[Round "30"]
[White "Grunert"]
[Black "Mercator"]
[WhiteElo "929"]
[BlackElo "1042"]
[PlyCount "36"]
[Result "0-1"]

1.d4 d5 {Hello again, nice game to you}  2.e3 
{Yes, hi!!!}  e6 3.Nf3 Nf6 4.Nc3 c5 5.dxc5 Bxc5 
6.a3 a6 7.g3 Nc6 8.Bg2 O-O 9.O-O e5 10.Qd2 Be6 
11.b4 Bd6 12.Bb2 Qd7 13.Rab1 h6 14.Rfd1 Bh3 
15.Bxh3 Qxh3 16.Qe1 e4 17.Nh4 Ng4 18.Qf1 
Qxh2+ 0-1

[Event "HCL-A2554"]
[Site "www.playchess.de"]
[Date "2006.02.08"]
[Round "10"]
[White "freno"]
[Black "GCP"]
[WhiteElo "1577"]
[BlackElo "1404"]
[PlyCount "45"]
[Result "1-0"]

1.c4 {Happy new year, hello from Paris}  e5 {hello 
from Rome, good 2006 to you and have a good game}  
2.Nc3 d6 3.g3 f5 4.d3 Nf6 5.Bg2 Be7 6.e3 O-O 
7.Nge2 Kh8 8.O-O Qe8 9.Qb3 b6 10.Bxa8 c6 
{sometimes I think it should be better I dedicate 
my time to something else !!!}  11.d4 {It happens 
:-)}  Na6 {it's not a consolation :'((}  12.d5 Bd7 
13.dxc6 Bxc6 14.Bxc6 Qxc6 15.Nd5 Nc5 16.Nxe7 Qb7 
17.Ng6+ hxg6 18.Qd1 Nfe4 19.b3 Ng5 20.Qd5 Qe7 
21.Kg2 e4 22.Nf4 Re8 23.Nxg6+ 1-0

[Event "HCL-E1564"]
[Site "www.playchess.de"]
[Date "2006.02.08"]
[Round "4"]
[White "ippuli"]
[Black "alldrix"]
[WhiteElo "1579"]
[BlackElo "1624"]
[PlyCount "89"]
[Result "1-0"]

1.e4 {Hi again... good luck!}  e6 {hi!!! :)}  2.d4 
d5 3.e5 {Hmmm, French....}  c5 {:D}  4.Qg4 Nc6 
5.Nf3 cxd4 6.Bd3 Nge7 7.Bg5 Qc7 8.O-O Ng6 9.Re1 
Be7 10.Bxg6 fxg6 11.c3 dxc3 12.Nxc3 a6 13.Rac1 
Bxg5 14.Qxg5 Qe7 15.Qg3 O-O 16.Na4 Bd7 17.Nb6 Rae8 
18.Rcd1 Qd8 19.Nxd7 Qxd7 20.Nd4 Nxd4 21.Rxd4 Rec8 
22.Rh4 Rc2 23.Rf4 Rxb2 24.Rxf8+ {Oops!! ;-)}  Kxf8 
{sleeping? :)}  25.Qa3+ {I ment You?? :D}  Kf7 
{ops, i'm slepping :)}  26.Qxb2 {I'm lucky!}  b5 
27.f4 a5 28.Rb1 b4 29.a3 Qa7+ 30.Kh1 g5 {kiitos?}  
31.fxg5 {"Thank you" in Finnish!}  bxa3 {:)}  
32.Qxa3 Qd4 33.Qb2 Qf4 34.Qb7+ Kg6 35.Re1 Qd2 
36.Qb1+ {:)}  Kxg5 37.Qc1 Qxc1 38.Rxc1 g6 39.Ra1 
Kf5 40.Rxa5 Kxe5 41.Kg1 Ke4 42.Kf2 e5 43.Ke2 g5 
44.Ra7 h5 45.g3 1-0

[Event "HCL-B3863"]
[Site "www.playchess.de"]
[Date "2006.02.08"]
[Round "2"]
[White "Nutjob"]
[Black "Sarek7"]
[WhiteElo "1200"]
[BlackElo "1150"]
[PlyCount "29"]
[Result "1-0"]

1.e4 {Greetings from Tennessee. I wish you a good 
game.}  e6 2.d4 d5 {I have the same wish for you! 
TESTOSTELAI!}  3.Nd2 Nf6 4.e5 Nfd7 5.f4 c5 6.c3 
Nc6 7.Ndf3 cxd4 8.cxd4 f6 9.Bd3 fxe5 10.fxe5 Bb4+ 
11.Bd2 Be7 12.Ne2 O-O 13.Qc2 a6 14.Bxh7+ Kf7 
15.Qg6+ {Good Game}  1-0

[Event "HCL-E1505"]
[Site "www.playchess.de"]
[Date "2006.02.08"]
[Round "13"]
[White "Chascarrillo"]
[Black "Zirni"]
[WhiteElo "1912"]
[BlackElo "1656"]
[PlyCount "84"]
[Result "0-1"]

1.d4 f5 2.g4 fxg4 3.h3 d6 4.hxg4 Bxg4 5.Qd3 Nf6 
6.Bg5 g6 7.f3 Be6 8.Nc3 Bg7 9.O-O-O Nbd7 10.Bh6 
Bxh6+ 11.Rxh6 c5 12.Bh3 Bxh3 13.Nxh3 cxd4 14.Qxd4 
Qb6 15.Qh4 O-O-O 16.Ng5 Qe3+ 17.Kb1 Ne5 18.Nxh7 
Nh5 19.Rxh5 gxh5 20.Ng5 Rdg8 21.Qh3+ Kb8 22.Nge4 
Rg1 23.Qh2 Rxd1+ 24.Nxd1 Qh6 25.f4 Ng4 26.Qh4 Qh7 
27.Ndc3 Ne3 28.Qf2 Nc4 29.Qd4 Nb6 30.Ng5 Qg8 
31.Nf7 Rh7 32.Ng5 Rg7 33.Nb5 h4 34.Qc3 h3 35.Qxh3 
Nd5 36.a3 Nxf4 37.Qe3 Rxg5 38.Qxa7+ Kc8 39.Qa8+ 
Kd7 40.Qxb7+ Ke8 41.Nc7+ Kf7 42.Qb3+ 
e6 0-1

[Event "HCL-A2564"]
[Site "www.playchess.de"]
[Date "2006.02.08"]
[Round "15"]
[White "Andy1"]
[Black "RUDI"]
[WhiteElo "1488"]
[BlackElo "1282"]
[PlyCount "79"]
[Result "1-0"]

1.e4 e5 {Ich grüße Dich!}  2.Nf3 {ich grüße Dich 
zurück}  Nc6 3.d4 exd4 4.Bc4 Be7 5.Nxd4 Nf6 6.Nc3 
O-O 7.Nxc6 dxc6 8.O-O Bb4 9.Bd2 Bxc3 10.Bxc3 Nxe4 
11.Qf3 Nxc3 12.Qxc3 Qg5 13.Rfe1 b6 14.Re5 Qf6 
15.Rae1 Bb7 16.Qg3 Rad8 17.h3 h6 18.b3 b5 19.Bd3 
Rd6 20.R5e7 Qg5 21.Qxg5 hxg5 22.Rxc7 Bc8 23.Rxa7 
Be6 24.a4 bxa4 25.bxa4 Rb8 26.a5 Rd4 27.Ra1 c5 
28.a6 c4 29.Rb7 Ra8 30.Bf1 Rd6 31.a7 Bd5 32.Rb8+ 
Rd8 33.Rb4 Rdc8 34.Ra5 Be6 35.Be2 c3 36.Bf3 Rc4 
37.Rb8+ Rc8 38.Bxa8 Rf8 39.Rxf8+ Kxf8 
40.Bd5 1-0

[Event "HCL-C4011"]
[Site "www.playchess.de"]
[Date "2006.02.08"]
[Round "2"]
[White "bt4001"]
[Black "wkadyk"]
[WhiteElo "800"]
[BlackElo "800"]
[PlyCount "35"]
[Result "1-0"]

1.e4 Nc6 2.Nc3 e5 3.Bc4 Bc5 4.Nf3 Nf6 5.O-O O-O 
6.d3 d6 7.h3 a6 8.b3 Na5 9.a3 Nxc4 10.dxc4 b6 
11.b4 Bd4 12.Nxd4 exd4 13.Ne2 Nxe4 14.Nxd4 c5 
15.bxc5 dxc5 16.f3 Nc3 17.Qd3 Ra7 
18.Qxc3 1-0

[Event "HCL-E1562"]
[Site "www.playchess.de"]
[Date "2006.02.08"]
[Round "2"]
[White "hal1958"]
[Black "Mosaik"]
[WhiteElo "1449"]
[BlackElo "1583"]
[PlyCount "90"]
[Result "0-1"]

1.b4 {have a nice game}  e5 2.Bb2 d6 3.e3 Nf6 
4.Nf3 Nbd7 5.c4 Be7 6.Be2 O-O 7.O-O e4 8.Nd4 Ne5 
9.h3 c6 10.a3 d5 11.cxd5 cxd5 12.Nb3 b6 13.Bxe5 
Nd7 14.Bb2 Bd6 15.Nc3 Bb7 16.d3 Nf6 17.dxe4 dxe4 
18.Nd2 Re8 19.Nb5 Be7 20.Rc1 Bd6 21.Nxd6 Qxd6 
22.Nc4 Qe7 23.Qd6 Qe6 24.Bxf6 gxf6 25.Qxe6 Rxe6 
26.Nd2 f5 27.Nb3 Rf6 28.Rc7 Bc8 29.Rfc1 Be6 30.Nd4 
Kg7 31.Nxe6+ Rxe6 32.Bc4 Rf6 33.Bb3 f4 34.Bd5 Rf8 
35.Rxa7 f3 36.Bxe4 fxg2 37.Kxg2 Re8 38.f3 Rd8 
39.Rc2 h5 40.Kf2 h4 41.Ke2 Rfd6 42.Rac7 R6d1 
43.R7c6 Rh1 44.Rxb6 Rh2+ 45.Kf1 
Rd1+ 0-1

[Event "HCL-M844"]
[Site "www.playchess.de"]
[Date "2006.02.08"]
[Round "18"]
[White "ktln2001"]
[Black "ABE"]
[WhiteElo "1688"]
[BlackElo "1646"]
[PlyCount "54"]
[Result "0-1"]

1.c4 {Greetings from Kentucky in the United 
States.}  Nf6 {Hi from Mexico city}  2.g3 e6 3.Bg2 
d5 4.Nf3 Nc6 5.b3 dxc4 6.bxc4 Bc5 7.Bb2 O-O 8.O-O 
Nd4 9.Nc3 Nxf3+ 10.Bxf3 c6 11.Rb1 Rb8 12.e3 e5 
13.Na4 Bd6 14.d4 e4 15.Bg2 {Have a happy new year 
with much good chess.}  Bg4 {same to you}  16.Qc2 
Bf5 17.Nc3 Re8 18.Rfd1 Qe7 19.c5 Bc7 20.Qa4 a6 
21.Ba3 Qe6 22.Rb3 Bh3 23.Bh1 Bg4 24.Rdb1 Bf3 
25.R3xb7 Rxb7 26.Rxb7 Qh3 27.Qxc6 
Bxh1 0-1

[Event "HCL-C3968"]
[Site "www.playchess.de"]
[Date "2006.02.08"]
[Round "14"]
[White "alauddin"]
[Black "perugia"]
[WhiteElo "937"]
[BlackElo "1146"]
[PlyCount "55"]
[Result "1-0"]

1.d4 {Hello!}  Nf6 {hello to u2!!!}  2.d5 d6 3.e3 
e5 4.h3 Bf5 5.Nc3 c6 6.Bc4 a6 7.g4 Bd7 8.e4 b5 
9.dxc6 Bxc6 10.Qf3 bxc4 11.g5 Nfd7 12.Nd5 Bxd5 
13.exd5 f6 14.h4 Qe7 15.Ne2 e4 16.Qh3 Ne5 17.Qc8+ 
Kf7 18.gxf6 Nf3+ 19.Kf1 Qxf6 20.Qb7+ Be7 21.Qxa8 
e3 22.Bxe3 Qxb2 23.Kg2 Nxh4+ 24.Rxh4 Bxh4 25.Rh1 
Bf6 26.Qa7+ Kg6 27.Nf4+ Kf5 28.Qf7 1-0

[Event "ACL-A639"]
[Site "www.playchess.de"]
[Date "2006.02.08"]
[Round "6"]
[White "pavalinto"]
[Black "M_L"]
[WhiteElo "1673"]
[BlackElo "1883"]
[PlyCount "48"]
[Result "0-1"]

1.d4 {Good to play you again, I'll try to "toughen 
up" Good Luck}  d5 {Yes, good game to you again 
=)}  2.c4 c6 3.Nc3 Nf6 4.Nf3 e6 5.Qc2 Na6 6.e3 Be7 
7.a3 O-O 8.Bd3 c5 9.g4 dxc4 10.Bxc4 cxd4 11.exd4 
b5 12.Be2 b4 13.g5 bxc3 14.gxf6 cxb2 15.Bxb2 Bxf6 
16.Bd3 Bb7 17.Bxh7+ Kh8 18.Be4 Rc8 19.Qe2 Bxe4 
20.Qxe4 Qa5+ 21.Nd2 Nc5 22.dxc5 Bxb2 23.Ra2 Rxc5 
24.Rxb2 Rc1+ 0-1

[Event "HCL-M859"]
[Site "www.playchess.de"]
[Date "2006.02.08"]
[Round "7"]
[White "chess50"]
[Black "dorge"]
[WhiteElo "2457"]
[BlackElo "1979"]
[PlyCount "192"]
[Result "1/2-1/2"]

1.e4 c6 {hello and good luck}  2.d4 d5 3.Nc3 dxe4 
4.Nxe4 Nf6 5.Nxf6+ exf6 6.Nf3 Bd6 7.Be2 O-O 8.O-O 
Re8 9.Bd3 Bg4 10.h3 Bh5 11.c4 Na6 12.Bd2 c5 {I 
think you sent me a message but I have deleteed it 
by mistake :( could you resend cheers ...}  13.Qc2 
Bxf3 {thank you and good luck yourself George 
Webb}  14.gxf3 cxd4 15.Bxh7+ Kh8 16.Bf5 g6 17.Be4 
Qd7 18.Kg2 f5 {sorry but I will not pay your fees} 
 19.Bd5 Nc7 20.Bxb7 Rab8 21.c5 Bxc5 22.Qxc5 Rxb7 
23.b4 Ne6 24.Qe5+ Kg8 25.Rfe1 Qa4 26.Qf6 Qa6 
27.Qh4 Rbe7 28.Red1 Qa3 29.Rdc1 f4 30.Qf6 Rd7 
31.Qe5 Qd3 32.Rcd1 Qc4 33.Rde1 Rd5 34.Qe4 Rh5 
35.a4 Qd5 36.Qxd5 Rxd5 37.Rac1 Kg7 38.Rc6 g5 
39.Re4 Kg6 40.b5 Kf5 41.Re1 Rb8 42.Rec1 d3 43.R1c3 
Rd4 44.Ra6 Rb7 45.Rcc6 Rd8 46.Rcd6 Rbd7 47.Rdc6 
Ke5 48.a5 Kd5 49.Rc3 Kd4 50.Rc1 Rb7 51.b6 axb6 
52.axb6 Ke5 53.Rc6 Kf6 54.Ra7 Rdb8 55.Bc3+ Ke7 
56.Bb4+ Ke8 57.Ba5 Rxa7 58.bxa7 Ra8 59.Ra6 Nc5 
60.Rc6 Nb3 61.Bb6 Kd7 62.Rc7+ Kd6 63.Rc3 d2 
64.Rd3+ Kc6 65.Bd4 Kb5 66.Bb6 Kxb6 67.Rxb3+ Kc5 
68.Rd3 Rxa7 69.Rxd2 f6 70.Rd8 Rh7 71.Rf8 Rh6 
72.Rd8 Kc6 73.Kh2 Kc7 74.Rd5 Kb6 75.Kg2 Kc6 76.Rd8 
Kc5 77.Kh2 Kc4 78.Rd7 Kc3 79.Kg2 Kb4 80.Rc7 Kb5 
81.Rc8 Kb6 82.Rd8 Rg6 83.h4 Kc7 84.Rd5 Rh6 85.hxg5 
Rh5 86.Rf5 fxg5 87.Kf1 Kd6 88.Rb5 Ke6 89.Kg2 Kf6 
90.Rb6+ Ke5 91.Rb5+ {i offer draw [1/2]}  Kd4 {no 
thanks think I can win this}  92.Rf5 Kc4 93.Re5 
Kb4 94.Rd5 Kb3 {(offering draw)}  95.Rc5 Kb4 
96.Rc7 Kb5 {(offering draw)}  1/2-1/2

[Event "HCL-C4130"]
[Site "www.playchess.de"]
[Date "2006.02.08"]
[Round "19"]
[White "Grunert"]
[Black "Skipper_Robert"]
[WhiteElo "1023"]
[BlackElo "986"]
[PlyCount "56"]
[Result "0-1"]

1.d4 d5 2.e3 Bf5 3.Nc3 e6 4.h3 Nc6 5.g4 Bg6 6.Nf3 
Nf6 7.Bg2 Bb4 8.Bd2 Bxc3 9.Bxc3 h6 10.Qd2 Qd6 
11.O-O Ne4 12.Qe2 h5 13.gxh5 Bxh5 14.a3 O-O-O 
15.Qe1 g5 16.Nd2 Rdg8 17.Nxe4 dxe4 18.Bxe4 Rh6 
19.Bg2 g4 20.h4 Bg6 21.Qe2 Rxh4 22.f3 Qh2+ 23.Kf2 
Qd6 24.fxg4 Rh2 25.Ke1 Qg3+ 26.Kd2 Rxg2 27.Rxf7 
Rxe2+ 28.Kxe2 Bxf7 0-1

[Event "HCL-A2557"]
[Site "www.playchess.de"]
[Date "2006.02.08"]
[Round "13"]
[White "scaper"]
[Black "Deep_Trouble"]
[WhiteElo "1402"]
[BlackElo "1652"]
[PlyCount "69"]
[Result "1/2-1/2"]

1.d4 Nf6 {Guten tag.}  2.c4 Nc6 3.Nc3 {hallo and 
have a nice day too!}  e5 4.d5 Ne7 5.e3 Ng6 6.Bd3 
Bb4 7.Nge2 O-O 8.a3 Bxc3+ 9.Nxc3 d6 10.h3 Nh4 
11.Bf1 Bd7 12.g3 Nf5 13.Bd3 Re8 14.Ne4 Nxe4 
15.Bxe4 Ne7 16.Bc2 c5 17.Qh5 g6 18.Qe2 f5 19.g4 
Rf8 20.e4 f4 21.Kf1 Kf7 22.Qf3 Ng8 23.b4 {in the 
other game i think u got me :)
}  b6 {Yes, it looks that way. I was actually 
surprised you played 23...Re8 as that let my Rook 
penatrate your position.  I was looking at 
23...Rf8 and exchange of rooks.}  24.Kg2 {yes i 
realized it seeing your position, that happens; 
but i think that u are still too strong for me; me 
i am playing, try to play along nimzowitshcs 
ideas, i nearly have read his book and after 
rereading i will try again. the system his system 
is great.}  Qh4 {I'm not so sure I'm that much 
stronger than you; you've made me have to play 
very defensive in this game. By the way, I tried 
reading Nimzo's My System some years back and 
found the concepts too deep for me. Maybe I'll go 
back and give it another try.}  25.Bd2 {i think 
nimzos chess is alive, i tried other authors but 
they were too static for me, i am 45 and time is 
rare}  Nh6 {I know what you mean, I'm 51 myself.}  
26.bxc5 {that´s it! i have a job that takes very 
much time, and i love to play as individual as i 
can.}  bxc5 27.Rab1 {if i understood nimzo right, 
i now have the control of the b-line, your central 
pawns are blocked, and i will try to bring my 
doubld bishops through. nice, isn´t it?}  Rab8 
{Then I must challenge you on the b-file. As for 
your bishops, it will be difficult to get through 
the blockade its seems to me.}  28.Ba5 {yes the 
blockade ..., that is one of nimzos central 
themes! yesterday i read a short summary of his 
life, what a life! so i have to check the terrain! 
he is so fantastical! his ideas are great. i had a 
book from tarrasch; after that i lost very much 
games}  Ke7 {I'll be sure not to read Tarrach's 
book. :-))}  29.Rxb8 {yep! so i decided here to 
reduce your rooks influence on 2 sides, let´s 
see!}  Rxb8 30.Be1 {now i have no real idea ..., 
let´s see what u are doing!}  Rb2 {"We shall see." 
said the blindman to the deaf man. ;-)}  31.Qc3 
{and the most impotant thing: the emotion icon 
behind those themes, that´s what will rest at 
all!}  Rb7 32.f3 Qf6 33.h4 Nf7 {The position is 
starting to look drawish.}  34.g5 {it seems so, 
but i can´t critic it ..., sorry my bads englich, 
do you say estimate a position?}  Qg7 35.Bf2 
{(offering draw) i see no way through ... ;-)} 
 1/2-1/2

[Event "HCL-A2458"]
[Site "www.playchess.de"]
[Date "2006.02.08"]
[Round "20"]
[White "ados99"]
[Black "alldrix"]
[WhiteElo "1414"]
[BlackElo "1684"]
[PlyCount "88"]
[Result "0-1"]

1.e4 e6 {hi}  2.d4 d5 3.Nc3 Nf6 4.Bg5 Be7 5.e5 
Nfd7 6.Bxe7 Qxe7 7.Nf3 a6 8.a4 c5 9.Be2 Nc6 10.O-O 
cxd4 11.Nxd4 Ndxe5 12.Re1 O-O 13.Nxc6 Nxc6 14.Bg4 
Qf6 15.Rb1 a5 16.Nb5 Bd7 17.c4 Nb4 18.Nd6 Bc6 
19.c5 Qg6 20.Bh5 Qg5 21.Bf3 Na6 22.Qc2 Qf4 23.Qc1 
Qxa4 24.Ra1 Qb4 25.Nxb7 Qxb7 26.Rxa5 Nb4 27.Rxa8 
Qxa8 28.Qc3 Na6 29.b4 Nc7 30.Ra1 Qb7 31.Qb3 Ra8 
32.Rb1 Nb5 33.Kf1 d4 34.Bxc6 Qxc6 35.Qd3 e5 36.f3 
g6 37.h3 Kg7 38.Qe4 Qxe4 39.fxe4 f5 40.exf5 gxf5 
41.Re1 e4 42.Rb1 e3 43.Ke2 Nc3+ 44.Kd3 
Nxb1 0-1

[Event "HCL-E1541"]
[Site "www.playchess.de"]
[Date "2006.02.08"]
[Round "20"]
[White "Vinci"]
[Black "XANDERKIRV"]
[WhiteElo "1588"]
[BlackElo "1499"]
[PlyCount "53"]
[Result "1-0"]

1.e4 {hi again and enjoy the game}  c5 {Hello and 
good luck.}  2.Nf3 e6 3.d4 cxd4 4.Nxd4 a6 5.Nc3 b5 
6.Be3 Bb7 7.f3 d6 8.Be2 Be7 9.O-O Nf6 10.a3 O-O 
11.Bd3 Nc6 12.Nxc6 Bxc6 13.f4 Bb7 14.Qf3 Qc8 
15.Qg3 Rd8 16.f5 e5 17.Bh6 Bf8 18.Qg5 Kh8 19.Rf3 
gxh6 20.Qxf6+ Bg7 21.Qxf7 Rd7 22.Qe6 Qd8 23.f6 Bf8 
24.Raf1 Bc8 25.Rg3 Be7 26.f7 Bg5 
27.f8Q+ 1-0

[Event "HCL-B3803"]
[Site "www.playchess.de"]
[Date "2006.02.08"]
[Round "8"]
[White "MasterStefan"]
[Black "longbow37"]
[WhiteElo "1241"]
[BlackElo "1050"]
[PlyCount "85"]
[Result "1/2-1/2"]

1.e4 {Hi, have a nice game}  d5 {hi,thank you}  
2.e5 d4 3.d3 e6 4.Nf3 Nc6 5.Be2 Bb4+ 6.Bd2 Nge7 
7.a3 Bxd2+ 8.Qxd2 O-O 9.O-O Nf5 10.c3 f6 11.cxd4 
Ncxd4 12.exf6 Qxf6 13.Nxd4 Qxd4 14.Nc3 Nd6 15.Rac1 
c6 16.h3 e5 17.Qe3 Qxe3 18.fxe3 c5 19.Rxf8+ Kxf8 
20.Nd5 b6 21.Bf3 Bb7 22.Nc7 Bxf3 23.Rf1 Ke7 
24.Rxf3 Rc8 25.Nd5+ Ke6 26.Nc3 c4 27.d4 exd4 
28.exd4 Kd7 29.Rg3 g6 30.Nd5 Nf5 31.Rg5 Kd6 32.Nf6 
Nxd4 33.Nxh7 Rg8 34.Nf6 Ne6 35.Rg4 Rf8 36.Rxg6 Nf4 
37.Rh6 Ke7 38.Nh7 Rd8 39.Rf6 Rd1+ 40.Kh2 Nd3 
41.Rc6 Nxb2 42.Rc7+ Rd7 43.Rxd7+ {(offering draw)} 
 1/2-1/2

[Event "HCL-A2577"]
[Site "www.playchess.de"]
[Date "2006.02.08"]
[Round "3"]
[White "Crusaders"]
[Black "Andy1"]
[WhiteElo "1781"]
[BlackElo "1488"]
[PlyCount "50"]
[Result "0-1"]

1.e4 {Hallo Andy ! Dann mal viel Spaß und eine 
schöne Partie !}  d5 {wünsche ich Dir auch}  2.e5 
c5 3.f4 Nc6 4.Nf3 Bg4 5.Be2 e6 6.c3 Nge7 7.d4 cxd4 
8.cxd4 Nf5 9.Nbd2 Bb4 10.O-O Ne3 11.Qa4 Nxf1 
12.Bxf1 O-O 13.a3 Ba5 14.Bb5 Qc7 15.Bxc6 bxc6 
16.Nb3 Bb6 17.Bd2 Bxf3 18.gxf3 c5 19.Rc1 c4 20.Be3 
Qe7 21.Nd2 g6 22.Nb1 Rab8 23.Nc3 Rb7 24.Nb5 Bd8 
25.Rc2 Qd7 0-1

[Event "HCL-C3993"]
[Site "www.playchess.de"]
[Date "2006.02.08"]
[Round "6"]
[White "Senescal"]
[Black "keneddy"]
[WhiteElo "800"]
[BlackElo "1357"]
[PlyCount "44"]
[Result "0-1"]

1.d4 {I'm waiting your move, all right?}  d5 2.Nf3 
{Your Turn Now, ok?}  Nc6 3.Nc3 Bg4 4.e3 a6 5.Be2 
Nf6 6.O-O b5 7.Re1 e6 8.h3 Bxf3 9.Bxf3 Bb4 10.Bd2 
O-O 11.a3 Bxc3 12.Bxc3 Re8 13.Qe2 e5 14.dxe5 Nxe5 
15.Bxe5 Rxe5 16.Rad1 c6 17.b3 g6 18.c4 Rc8 19.Qb2 
Qc7 20.Be2 Rd8 21.f4 Re6 22.Bf3 
bxc4 0-1

[Event "HCL-E1505"]
[Site "www.playchess.de"]
[Date "2006.02.08"]
[Round "4"]
[White "Sumpfkuh"]
[Black "Niedermayr"]
[WhiteElo "1865"]
[BlackElo "2000"]
[PlyCount "81"]
[Result "1-0"]

1.d4 {Hi from Germany, I wish us a good and 
interessed game.}  d5 2.Nf3 Nc6 3.c4 Bg4 4.cxd5 
Bxf3 5.dxc6 Bxc6 6.Nc3 e6 7.e4 Nf6 8.f3 Be7 9.Bc4 
O-O 10.Be3 b6 11.Qc2 Bb7 12.O-O Qc8 13.e5 Nd7 
14.f4 c5 15.d5 exd5 16.Nxd5 Bxd5 17.Bxd5 Rb8 
18.Rad1 {Ich wünsche noch ein frohes 
Weihnachtsfest}  Kh8 {wünsche ebenfalls frohe 
Weihnachten}  19.Be4 h6 20.Bf5 Rb7 21.Qd2 Rd8 
22.Qd5 Qc7 23.Be4 Rbb8 24.Qxf7 Nf8 25.Bd5 Nh7 
26.b3 Rdf8 27.Qg6 Rfd8 28.Rd3 Rd7 29.Rfd1 Rbd8 
30.a4 Qb8 31.Bf2 b5 32.axb5 Qxb5 33.Bc4 Qb7 
34.R3xd7 Rxd7 35.Qe8+ Nf8 36.Rf1 Rd8 37.Qf7 Nh7 
38.Bh4 g5 39.fxg5 hxg5 40.Be1 Qd7 
41.Bc3 1-0

[Event "HCL-E1544"]
[Site "www.playchess.de"]
[Date "2006.02.08"]
[Round "1"]
[White "Eishockeytorwart"]
[Black "Matu"]
[WhiteElo "1949"]
[BlackElo "1494"]
[PlyCount "63"]
[Result "1-0"]

1.e4 {hallo  auf ein neues}  c6 {hallo mal wieder 
und viel glück}  2.Nf3 d5 3.exd5 cxd5 4.d4 Nf6 
5.c3 Nc6 6.Ne5 Nxe5 7.dxe5 Ne4 8.Bb5+ Bd7 9.Qxd5 
Bxb5 10.Qxb5+ Qd7 11.Qxd7+ Kxd7 12.Be3 e6 13.Nd2 
Nxd2 14.Bxd2 Bc5 15.Ke2 Rad8 16.Be3 Bxe3 17.Kxe3 
Kc6 18.Rad1 Rd5 19.Rxd5 exd5 20.Kd4 Re8 21.f4 f6 
22.Re1 f5 23.a4 h6 24.h4 g6 25.Re3 Re6 26.Rg3 b6 
27.h5 gxh5 28.Rg7 a6 29.g3 b5 30.axb5+ axb5 31.Rf7 
Rg6 32.Rf6+ 1-0

[Event "HCL-A2554"]
[Site "www.playchess.de"]
[Date "2006.02.08"]
[Round "16"]
[White "mrchess"]
[Black "Wernswig"]
[WhiteElo "1437"]
[BlackElo "1416"]
[PlyCount "66"]
[Result "0-1"]

1.d4 {good luck}  d5 {good too}  2.e3 e6 3.Bd3 c5 
4.c3 Nc6 5.Nd2 Nf6 6.f4 Be7 7.Ngf3 O-O 8.O-O c4 
9.Bc2 b5 10.Ne5 Bd7 11.Rf3 a5 12.Rh3 h6 13.Qf3 b4 
14.Qg3 Kh8 15.Ndf3 Nh7 16.Nxf7+ Rxf7 17.Qg6 Qg8 
18.Bd2 Rf6 19.Qg4 Ra7 20.Ne5 Be8 21.Rf1 Nf8 22.f5 
Bd7 23.Nxd7 Nxd7 24.Rff3 e5 25.e4 exd4 26.Bf4 d3 
27.Ba4 Nde5 28.Qg3 Nxf3+ 29.Qxf3 dxe4 30.Qxe4 Bc5+ 
31.Kf1 Re7 32.Qf3 Qe8 33.cxb4 Re1+ 0-1

[Event "ACL-A639"]
[Site "www.playchess.de"]
[Date "2006.02.08"]
[Round "2"]
[White "pavalinto"]
[Black "Fred31"]
[WhiteElo "1673"]
[BlackElo "1601"]
[PlyCount "39"]
[Result "1/2-1/2"]

1.d4 {Greetings from Brooklyn USA and good luck!}  
e6 {Hello from Brussels Belgium}  2.e4 d5 3.Nc3 c6 
4.Bd3 h6 5.e5 Ne7 6.Nge2 Nd7 7.O-O Nf5 8.g4 Nh4 
9.f4 Nf3+ 10.Rxf3 Be7 11.f5 O-O 12.Qf1 Nb6 13.Qh3 
Bg5 14.Bxg5 Qxg5 15.f6 h5 16.Qxh5 {I must say, you 
throw up some good defenses!}  Qxh5 17.gxh5 Nc4 
18.Rg3 g5 19.Rxg5+ Kh8 20.Rg7 {(offering draw)} 
 1/2-1/2